000 00480nam a22001577a 4500
003 macl
005 20180405120449.0
008 180405b xxu||||| |||| 00| 0 eng d
040 _cmacl
082 _a920/BHA
100 _aभटनागर ,सरल
_971656
245 _aआजादी के अक्षत
260 _aहरियाणा
_bउर्मिका बुक्‍स
_c2014
650 _aचिल्‍ड्रन बुक
_9159
942 _2ddc
_cHIN
999 _c57447
_d57447